000 00428nam a2200181Ia 4500
003 OSt
005 20220610114741.0
008 210210b1951 xxu||||| |||| 00| 0 eng d
040 _cAL
041 _aeng
082 _a336/99
100 _aGILES (R Y)
_941715
245 _aCredit for the millions
260 _aNew York
_bHarper & Brothers
_c1951
690 _aEconomic History
_941716
906 _a004836
942 _2ddc
_cBK
999 _c128438
_d128438